000 00780nam a2200241Ia 4500
003 OSt
005 20220923220829.0
006 a|||||r|||| 00| 0
007 ta
008 220922b |||||||| |||| 00| 0 hin d
024 _a191,091
037 _cTextual
040 _aARTS
_cARTS
_bhin
041 _2hin
_ahin
082 _aR693, 152L2.2
100 _aक्षुल्लक, जितेन्द्र वर्णी
245 0 _aनय दर्पण
246 _aNaya darpaṇa
260 _aजयपुर
_b रोशन लाल जैन एण्ड संस
_c1972
300 _a772पृ.
_ccm.
942 _hR693, 152L2.2
_cTEXL
_2CC
999 _c343811
_d343811